Loading...
Job involvement & communications /
| Hovedforfatter: | |
|---|---|
| Format: | Printed Book |
| Sprog: | English |
| Udgivet: |
London :
Business Books Limited,
1973.
|
| LEADER | 00511nam a22001457a 4500 | ||
|---|---|---|---|
| 008 | 170223b xxu||||| |||| 00| 0 eng d | ||
| 999 | |c 162599 |d 162599 | ||
| 020 | |a . | ||
| 082 | |a 658.3142 | ||
| 100 | |a Smith, Paul I. Slee | ||
| 245 | |a Job involvement & communications / |c Paul I. Slee Smith | ||
| 260 | |b Business Books Limited, |c 1973. |a London : | ||
| 300 | |a 126 p. | ||
| 942 | |c BK | ||
| 952 | |0 0 |1 0 |4 0 |6 658_314200000000000_SMI_J |7 0 |9 178574 |a CMS |b CMS |c ST1 |d 2017-02-23 |i 3119 |l 0 |o 658.3142 SMI/J |p CMS3119 |r 2017-02-23 |w 2017-02-23 |y BK | ||